| 000 | 00539nam a2200181Ia 4500 | ||
|---|---|---|---|
| 008 | 220214s9999 xx 000 0 und d | ||
| 100 | _aRodrigo V H L | ||
| 245 | 0 | _aImproving the spatial arrangement of planting rubber (Hevea brasiliensis Muell Arg) for long-term intercropping | |
| 260 |
_bField Crops Research _c2004 |
||
| 300 | _a327-335 | ||
| 650 | _aHevea | ||
| 650 | _aIntercropping | ||
| 650 | _aPlant spatial arrangements | ||
| 650 | _aPlanting systems | ||
| 700 | _aMunasinghe E S | ||
| 700 | _aSilva T U K | ||
| 942 | _cRE | ||
| 999 |
_c45621 _d45621 |
||